| 000 | 00559nam a2200205Ia 4500 | ||
|---|---|---|---|
| 003 | OSt | ||
| 005 | 20250304133838.0 | ||
| 008 | 210210b1970 xxu||||| |||| 00| 0 eng d | ||
| 040 | _cAL | ||
| 041 | _ahin | ||
| 082 | _aH891.3 CHAS | ||
| 100 |
_aCHATURVEDI (Shabhudayal): _9203713 |
||
| 110 |
_bचतुर्वेदी शबूदायल _9203714 |
||
| 245 |
_aSafed gulab: _bसफ़ेद गुलाब |
||
| 260 |
_aIlahabad _bAlka Prakashan _c1970 |
||
| 300 | _a144 | ||
| 690 |
_aHindi Fiction _9203715 |
||
| 906 | _a029894 | ||
| 942 |
_2ddc _cBK |
||
| 999 |
_c81092 _d81092 |
||